<?xml version="1.0" encoding="UTF-8"?>
<record
    xmlns:xsi="http://www.w3.org/2001/XMLSchema-instance"
    xsi:schemaLocation="http://www.loc.gov/MARC21/slim http://www.loc.gov/standards/marcxml/schema/MARC21slim.xsd"
    xmlns="http://www.loc.gov/MARC21/slim">

  <leader>00410nam a22001817a 4500</leader>
  <controlfield tag="003">OSt</controlfield>
  <controlfield tag="008">231016b        |||||||| |||| 00| 0 eng d</controlfield>
  <datafield tag="020" ind1=" " ind2=" ">
    <subfield code="a">9780199484140</subfield>
  </datafield>
  <datafield tag="082" ind1=" " ind2=" ">
    <subfield code="a">005.133 MAP</subfield>
  </datafield>
  <datafield tag="100" ind1=" " ind2=" ">
    <subfield code="a">MALHOTRA,Sachin</subfield>
  </datafield>
  <datafield tag="245" ind1=" " ind2=" ">
    <subfield code="a">Programming in JAVA</subfield>
  </datafield>
  <datafield tag="250" ind1=" " ind2=" ">
    <subfield code="a">2nd Ed</subfield>
  </datafield>
  <datafield tag="260" ind1=" " ind2=" ">
    <subfield code="a">New Delhi</subfield>
    <subfield code="b">Oxford</subfield>
    <subfield code="c">2019</subfield>
  </datafield>
  <datafield tag="300" ind1=" " ind2=" ">
    <subfield code="a">678</subfield>
  </datafield>
  <datafield tag="650" ind1=" " ind2=" ">
    <subfield code="a">IT</subfield>
  </datafield>
  <datafield tag="700" ind1=" " ind2=" ">
    <subfield code="a">CHOUDHARY,Saruabh</subfield>
  </datafield>
  <datafield tag="942" ind1=" " ind2=" ">
    <subfield code="2">ddc</subfield>
    <subfield code="c">BK</subfield>
  </datafield>
  <datafield tag="999" ind1=" " ind2=" ">
    <subfield code="c">12100</subfield>
    <subfield code="d">12100</subfield>
  </datafield>
  <datafield tag="952" ind1=" " ind2=" ">
    <subfield code="0">0</subfield>
    <subfield code="1">0</subfield>
    <subfield code="2">ddc</subfield>
    <subfield code="4">0</subfield>
    <subfield code="7">0</subfield>
    <subfield code="8">BTECHIT</subfield>
    <subfield code="a">PIET</subfield>
    <subfield code="b">PIET</subfield>
    <subfield code="d">2023-09-30</subfield>
    <subfield code="e">Kirti Prakashan</subfield>
    <subfield code="f">In rupees</subfield>
    <subfield code="g">950.00</subfield>
    <subfield code="k">IN1020</subfield>
    <subfield code="l">0</subfield>
    <subfield code="o">005.133 MAP</subfield>
    <subfield code="p">35063</subfield>
    <subfield code="r">2023-10-16 00:00:00</subfield>
    <subfield code="v">655.50</subfield>
    <subfield code="w">2023-09-30</subfield>
    <subfield code="y">REF</subfield>
  </datafield>
  <datafield tag="952" ind1=" " ind2=" ">
    <subfield code="0">0</subfield>
    <subfield code="1">0</subfield>
    <subfield code="2">ddc</subfield>
    <subfield code="4">0</subfield>
    <subfield code="7">0</subfield>
    <subfield code="8">BTECHIT</subfield>
    <subfield code="a">PIET</subfield>
    <subfield code="b">PIET</subfield>
    <subfield code="d">2023-09-30</subfield>
    <subfield code="e">Kirti Prakashan</subfield>
    <subfield code="f">In rupees</subfield>
    <subfield code="g">950.00</subfield>
    <subfield code="k">IN1020</subfield>
    <subfield code="l">2</subfield>
    <subfield code="o">005.133 MAP</subfield>
    <subfield code="p">35064</subfield>
    <subfield code="r">2026-02-12 00:00:00</subfield>
    <subfield code="s">2026-01-29</subfield>
    <subfield code="v">655.50</subfield>
    <subfield code="w">2023-09-30</subfield>
    <subfield code="y">BK</subfield>
  </datafield>
  <datafield tag="952" ind1=" " ind2=" ">
    <subfield code="0">0</subfield>
    <subfield code="1">0</subfield>
    <subfield code="2">ddc</subfield>
    <subfield code="4">0</subfield>
    <subfield code="7">0</subfield>
    <subfield code="8">BTECHIT</subfield>
    <subfield code="a">PIET</subfield>
    <subfield code="b">PIET</subfield>
    <subfield code="d">2023-09-30</subfield>
    <subfield code="e">Kirti Prakashan</subfield>
    <subfield code="f">In rupees</subfield>
    <subfield code="g">950.00</subfield>
    <subfield code="k">IN1020</subfield>
    <subfield code="l">1</subfield>
    <subfield code="o">005.133 MAP</subfield>
    <subfield code="p">35065</subfield>
    <subfield code="r">2024-10-04 00:00:00</subfield>
    <subfield code="s">2024-10-01</subfield>
    <subfield code="v">655.50</subfield>
    <subfield code="w">2023-09-30</subfield>
    <subfield code="y">BK</subfield>
  </datafield>
  <datafield tag="952" ind1=" " ind2=" ">
    <subfield code="0">0</subfield>
    <subfield code="1">0</subfield>
    <subfield code="2">ddc</subfield>
    <subfield code="4">0</subfield>
    <subfield code="7">0</subfield>
    <subfield code="8">BTECHIT</subfield>
    <subfield code="a">PIET</subfield>
    <subfield code="b">PIET</subfield>
    <subfield code="d">2023-09-30</subfield>
    <subfield code="e">Kirti Prakashan</subfield>
    <subfield code="f">In rupees</subfield>
    <subfield code="g">950.00</subfield>
    <subfield code="k">IN1020</subfield>
    <subfield code="l">1</subfield>
    <subfield code="o">005.133 MAP</subfield>
    <subfield code="p">35066</subfield>
    <subfield code="r">2024-10-03 00:00:00</subfield>
    <subfield code="s">2024-09-17</subfield>
    <subfield code="v">655.50</subfield>
    <subfield code="w">2023-09-30</subfield>
    <subfield code="y">BK</subfield>
  </datafield>
  <datafield tag="952" ind1=" " ind2=" ">
    <subfield code="0">0</subfield>
    <subfield code="1">0</subfield>
    <subfield code="2">ddc</subfield>
    <subfield code="4">0</subfield>
    <subfield code="7">0</subfield>
    <subfield code="8">BTECHIT</subfield>
    <subfield code="a">PIET</subfield>
    <subfield code="b">PIET</subfield>
    <subfield code="d">2023-09-30</subfield>
    <subfield code="e">Kirti Prakashan</subfield>
    <subfield code="f">In rupees</subfield>
    <subfield code="g">950.00</subfield>
    <subfield code="k">IN1020</subfield>
    <subfield code="l">2</subfield>
    <subfield code="o">005.133 MAP</subfield>
    <subfield code="p">35067</subfield>
    <subfield code="r">2024-09-12 00:00:00</subfield>
    <subfield code="s">2024-09-02</subfield>
    <subfield code="v">655.50</subfield>
    <subfield code="w">2023-09-30</subfield>
    <subfield code="y">BK</subfield>
  </datafield>
  <datafield tag="952" ind1=" " ind2=" ">
    <subfield code="0">0</subfield>
    <subfield code="1">0</subfield>
    <subfield code="2">ddc</subfield>
    <subfield code="4">0</subfield>
    <subfield code="7">0</subfield>
    <subfield code="8">BTECHIT</subfield>
    <subfield code="a">PIET</subfield>
    <subfield code="b">PIET</subfield>
    <subfield code="d">2023-09-30</subfield>
    <subfield code="e">Kirti Prakashan</subfield>
    <subfield code="f">In rupees</subfield>
    <subfield code="g">950.00</subfield>
    <subfield code="k">IN1020</subfield>
    <subfield code="l">1</subfield>
    <subfield code="o">005.133 MAP</subfield>
    <subfield code="p">35068</subfield>
    <subfield code="r">2025-12-16 00:00:00</subfield>
    <subfield code="s">2025-12-05</subfield>
    <subfield code="v">655.50</subfield>
    <subfield code="w">2023-09-30</subfield>
    <subfield code="y">BK</subfield>
  </datafield>
  <datafield tag="952" ind1=" " ind2=" ">
    <subfield code="0">0</subfield>
    <subfield code="1">0</subfield>
    <subfield code="2">ddc</subfield>
    <subfield code="4">0</subfield>
    <subfield code="7">0</subfield>
    <subfield code="8">BTECHIT</subfield>
    <subfield code="a">PIET</subfield>
    <subfield code="b">PIET</subfield>
    <subfield code="d">2023-09-30</subfield>
    <subfield code="e">Kirti Prakashan</subfield>
    <subfield code="f">In rupees</subfield>
    <subfield code="g">950.00</subfield>
    <subfield code="k">IN1020</subfield>
    <subfield code="l">3</subfield>
    <subfield code="o">005.133 MAP</subfield>
    <subfield code="p">35069</subfield>
    <subfield code="r">2024-11-19 00:00:00</subfield>
    <subfield code="s">2024-11-09</subfield>
    <subfield code="v">655.50</subfield>
    <subfield code="w">2023-09-30</subfield>
    <subfield code="y">BK</subfield>
  </datafield>
  <datafield tag="952" ind1=" " ind2=" ">
    <subfield code="0">0</subfield>
    <subfield code="1">0</subfield>
    <subfield code="2">ddc</subfield>
    <subfield code="4">0</subfield>
    <subfield code="7">0</subfield>
    <subfield code="8">BTECHIT</subfield>
    <subfield code="a">PIET</subfield>
    <subfield code="b">PIET</subfield>
    <subfield code="d">2023-09-30</subfield>
    <subfield code="e">Kirti Prakashan</subfield>
    <subfield code="f">In rupees</subfield>
    <subfield code="g">950.00</subfield>
    <subfield code="k">IN1020</subfield>
    <subfield code="l">1</subfield>
    <subfield code="o">005.133 MAP</subfield>
    <subfield code="p">35070</subfield>
    <subfield code="r">2024-10-04 00:00:00</subfield>
    <subfield code="s">2024-10-01</subfield>
    <subfield code="v">655.50</subfield>
    <subfield code="w">2023-09-30</subfield>
    <subfield code="y">BK</subfield>
  </datafield>
  <datafield tag="952" ind1=" " ind2=" ">
    <subfield code="0">0</subfield>
    <subfield code="1">0</subfield>
    <subfield code="2">ddc</subfield>
    <subfield code="4">0</subfield>
    <subfield code="7">0</subfield>
    <subfield code="8">BTECHIT</subfield>
    <subfield code="a">PIET</subfield>
    <subfield code="b">PIET</subfield>
    <subfield code="d">2023-09-30</subfield>
    <subfield code="e">Kirti Prakashan</subfield>
    <subfield code="f">In rupees</subfield>
    <subfield code="g">950.00</subfield>
    <subfield code="k">IN1020</subfield>
    <subfield code="l">3</subfield>
    <subfield code="o">005.133 MAP</subfield>
    <subfield code="p">35071</subfield>
    <subfield code="r">2024-09-16 00:00:00</subfield>
    <subfield code="s">2024-09-02</subfield>
    <subfield code="v">655.50</subfield>
    <subfield code="w">2023-09-30</subfield>
    <subfield code="y">BK</subfield>
  </datafield>
  <datafield tag="952" ind1=" " ind2=" ">
    <subfield code="0">0</subfield>
    <subfield code="1">0</subfield>
    <subfield code="2">ddc</subfield>
    <subfield code="4">0</subfield>
    <subfield code="7">0</subfield>
    <subfield code="8">BTECHIT</subfield>
    <subfield code="a">PIET</subfield>
    <subfield code="b">PIET</subfield>
    <subfield code="d">2023-09-30</subfield>
    <subfield code="e">Kirti Prakashan</subfield>
    <subfield code="f">In rupees</subfield>
    <subfield code="g">950.00</subfield>
    <subfield code="k">IN1020</subfield>
    <subfield code="l">2</subfield>
    <subfield code="o">005.133 MAP</subfield>
    <subfield code="p">35072</subfield>
    <subfield code="r">2024-10-21 00:00:00</subfield>
    <subfield code="s">2024-10-03</subfield>
    <subfield code="v">655.50</subfield>
    <subfield code="w">2023-09-30</subfield>
    <subfield code="y">BK</subfield>
  </datafield>
</record>
